000 00474cam a22001934a 4500
005 20250605164325.0
008 250528s ||||||||||||||||||||||||d
035 _a23014
020 _a9780077071578
040 _aGR-AtMCL
_bgre
_dGR-AtMCL
_eAACR2
245 1 _aTHE ESSENTIAL GUIDE TO DATABASE MARKETING
250 _a1
260 _bMacmillan Press Ltd,
_c1992
300 _a239
700 1 _aDavies John M
_92043
942 _cBK
999 _c8055
_d8055